Knowledge management: A resource book (Record no. 144970)

MARC details
000 -LEADER
fixed length control field 00361nam a2200145Ia 4500
008 - FIXED-LENGTH DATA ELEMENTS--GENERAL INFORMATION
fixed length control field 230917s9999||||xx |||||||||||||| ||und||
040 ## - CATALOGING SOURCE
-- 131518
Original cataloging agency VIVEKANANDA LIBRARY
041 ## - Language
-- English
082 ## - DDC NUMBER
Classification number 658 R143K
100 ## - MAIN ENTRY--PERSONAL NAME
Personal name Kothari, Raman
245 #0 - TITLE STATEMENT
Title Knowledge management: A resource book
260 ## - PUBLICATION, DISTRIBUTION, ETC. (IMPRINT)
Place of publication, distribution, etc New Delhi
Name of publisher, distributor, etc Excel Books
Date of publication, distribution, etc 2007
300 ## - PHYSICAL DESCRIPTION
Pages 304 p.
942 ## - ADDED ENTRY ELEMENTS (KOHA)
Koha item type Books
Holdings
Withdrawn status Lost status Damaged status Not for loan Location (home branch) Sublocation or collection (holding branch) Shelving location Date acquired Koha issues (times borrowed) Koha full call number Accession No. Koha date last seen Koha item type
        VIVEKANANDA LIBRARY VIVEKANANDA LIBRARY IMSAR Library 04/02/2010   658 R143K 258564 17/09/2023 Books
        VIVEKANANDA LIBRARY VIVEKANANDA LIBRARY IMSAR Library 04/02/2010 2 658 R143K 258565 30/01/2025 Books
        VIVEKANANDA LIBRARY VIVEKANANDA LIBRARY IMSAR Library 04/02/2010   658 R143K 258566 17/09/2023 Books
        VIVEKANANDA LIBRARY VIVEKANANDA LIBRARY IMSAR Library 04/02/2010   658 R143K 258567 17/09/2023 Books
        VIVEKANANDA LIBRARY VIVEKANANDA LIBRARY IMSAR Library 04/02/2010   658 R143K 258568 17/09/2023 Books
        VIVEKANANDA LIBRARY VIVEKANANDA LIBRARY IHTM Library 04/02/2010   658 R143K 277511 17/09/2023 Books
© Designed and Maintained by Vivekananda Library, MDU Rohtak